[Event "Main Vogelsberg op 2nd"]
[Site "Grossauheim"]
[Date "2007.06.10"]
[Round "7"]
[White "Can, Hueseyin"]
[Black "Koepfler, Boris"]
[Result "1/2-1/2"]
[WhiteElo "1454"]
[BlackElo "1628"]
[PlyCount "75"]
[EventDate "2007.06.07"]
[EventType "swiss"]
[EventRounds "7"]
[EventCountry "GER"]
[SourceTitle "EXT 2008"]
[Source "ChessBase"]
[SourceDate "2007.11.25"]
[SourceVersion "1"]
[SourceVersionDate "2007.11.25"]
[SourceQuality "1"]

1. e4 e5 2. Nf3 Nc6 3. Bc4 Nf6 4. Nc3 Be7 5. d4 exd4 6. Nxd4 d6 7. 0-0 0-0 8. Re1 Ne5 9. Bb3 c6 10. f4 Ng6 11. f5 Ne5 12. Bf4 Qb6 13. Kh1 Rd8 14. Nf3 Nfg4 15. Bg3 Nf2+ 16. Bxf2 Qxf2 17. Rf1 Qb6 18. Nxe5 dxe5 19. Qh5 Rf8 20. Rf3 a5 21. Raf1 Bf6 22. g4 a4 23. g5 Bxg5 24. Qxg5 h6 25. Qg3 axb3 26. Rg1 g5 27. fxg6 f6 28. Qh4 Kg7 29. cxb3 Qc5 30. Na4 Qd6 31. Nb6 Rb8 32. Nxc8 Rbxc8 33. Rh3 Rh8 34. Qg4 Rcd8 35. Rf3 c5 36. Rff1 Qc6 37. Rd1 Rd4 38. Rge1 1/2-1/2

[Event "Main Vogelsberg op 2nd"]
[Site "Grossauheim"]
[Date "2007.06.07"]
[Round "1"]
[White "Can, Hueseyin"]
[Black "Seifert, Christopher"]
[Result "1/2-1/2"]
[WhiteElo "1454"]
[BlackElo "1963"]
[PlyCount "59"]
[EventDate "2007.06.07"]
[EventType "swiss"]
[EventRounds "7"]
[EventCountry "GER"]
[SourceTitle "EXT 2008"]
[Source "ChessBase"]
[SourceDate "2007.11.25"]
[SourceVersion "1"]
[SourceVersionDate "2007.11.25"]
[SourceQuality "1"]

1. e4 g6 2. d4 Bg7 3. Nf3 c5 4. c3 d6 5. dxc5 dxc5 6. Qxd8+ Kxd8 7. Be3 b6 8. Bb5 Bb7 9. Ng5 Nh6 10. 0-0 e5 11. f4 Ke7 12. fxe5 Bxe5 13. Nf3 Bg7 14. Bg5+ f6 15. Bxh6 Bxh6 16. e5 f5 17. c4 Be3+ 18. Kh1 Bxf3 19. gxf3 Bd4 20. Nc3 Bxc3 21. bxc3 f4 22. Rad1 Rd8 23. Ba4 Nd7 24. Rd5 Nf8 25. Rfd1 Rdc8 26. Kg2 a6 27. Kh3 b5 28. Bb3 Ra7 29. Kg4 Ne6 30. Rd6 1/2-1/2